Accounting for Management (Record no. 1884)

MARC details
000 -LEADER
fixed length control field 00376nam a22001577a 4500
005 - DATE AND TIME OF LATEST TRANSACTION
control field 20180612170140.0
008 - FIXED-LENGTH DATA ELEMENTS--GENERAL INFORMATION
fixed length control field 160526b xxu||||| |||| 00| 0 eng d
041 ## - LANGUAGE CODE
Language code of text/sound track or separate title eng
082 ## - DEWEY DECIMAL CLASSIFICATION NUMBER
Item number 5334
Classification number 657
100 ## - MAIN ENTRY--AUTHOR NAME
Personal name Lal, Jawahar
245 ## - TITLE STATEMENT
Title Accounting for Management
260 ## - PUBLICATION, DISTRIBUTION, ETC. (IMPRINT)
Place of publication New Delhi
Name of publisher Academic Faundation
300 ## - PHYSICAL DESCRIPTION
Number of Pages 889
650 ## - SUBJECT ADDED ENTRY--TOPICAL TERM
Topical Term Management
942 ## - ADDED ENTRY ELEMENTS (KOHA)
Koha item type Books
Holdings
Lost status Damaged status Collection code Home library Current library Shelving location Date acquired Cost, normal purchase price Full call number Accession Number Koha item type
    MANAGEMENT JRU Library JRU Library SHELF-73-M 26/05/2016 425.00 657 5334 Books